[Event "7th Holuj Radzikowska 2017"]
[Site "Wroclaw"]
[Date "2017.12.04"]
[Round "7"]
[White "Majdan, Joanna"]
[Black "Kulon, Klaudia"]
[Result "1/2-1/2"]
[WhiteElo "2352"]
[BlackElo "2370"]
[Annotator "TA"]
[PlyCount "73"]
[EventDate "2017.??.??"]
[EventType "swiss"]
[EventCountry "POL"]
[SourceTitle "playchess.com"]
[Source "ChessBase"]
[SourceQuality "1"]

{[%evp 16,73,50,35,75,66,120,39,43,39,49,52,66,38,45,44,37,44,72,50,67,67,61,60,72,14,33,8,29,25,35,30,23,-10,66,66,67,75,59,-34,-7,-7,0,0,-11,-10,25,31,65,0,0,0,0,0,0,-13,0,0,0,-7]} 1. e4 e5 2. Nf3 Nc6 3. Bc4 Bc5 4. c3 Nf6 5. d3 d6 6. Bb3 a6 7. Nbd2 Ba7 8. Nf1 Ne7 {C54: Italienische Partie (Hauptvariante)} 9. Ng3 {LiveBook: 24 Partien} c5 $146 ({Vorgänger:} 9... Ng6 10. O-O O-O 11. Re1 Re8 12. h3 h6 13. d4 c6 14. Bc2 Qc7 15. Be3 b5 16. Qd2 c5 17. a4 Bd7 18. d5 c4 19. Bxh6 gxh6 20. Qxh6 Qd8 {0-1 (71) Bologan,V (2681)-Karjakin,S (2775) Beijing 2012}) 10. Bg5 Ng4 {[#]} (10... Neg8 $14) 11. O-O (11. Nh5 $1 $16) 11... h6 $14 12. Bc1 Ng6 13. h3 Nf6 14. d4 O-O 15. Be3 Qc7 16. Qd2 Kh7 17. Bc2 b5 {[%cal Bb7b5,Bb5b4,Bb4b3][%mdl 32]} 18. a4 b4 19. Rfd1 Be6 20. Nf5 (20. d5 $16 Bd7 21. cxb4) 20... b3 $1 $11 {[%cal Rb3c2]} 21. Bb1 Bxf5 (21... c4 {seems wilder.} 22. a5 Rad8 23. Nxg7 Kxg7 24. Bxh6+ Kg8) 22. exf5 Ne7 $1 23. dxe5 dxe5 24. Qd6 Qxd6 (24... Qb7 $1 $11) 25. Rxd6 $14 Rad8 26. Rxd8 $1 ({Viel schwächer wäre} 26. Rxa6 Rd1+ 27. Kh2 Bb8 $17) 26... Rxd8 27. Nd2 ({Lieber} 27. Kf1 $1 $14) 27... Ned5 (27... c4 $5 28. Nxc4 Rd1+ 29. Kh2 Bxe3 30. Nxe3 Re1 $15) 28. Nxb3 Nxe3 29. fxe3 c4 30. Na5 Rd1+ 31. Kf2 Ne4+ 32. Ke2 ({Besser ist} 32. Bxe4 $14 Rxa1 33. Bc6) 32... Rd2+ $11 {Die Stellung ist ausgeglichen.} 33. Ke1 $1 Rxg2 {[#] Und weiter mit ...Sd2 wäre nett.} 34. Kf1 Rf2+ 35. Ke1 Rg2 {Weiss muss nun ...Sd2 beachten.} 36. Kf1 Rf2+ 37. Ke1 {Precision: Weiß = 63%, Schwarz = 55%.} 1/2-1/2

[Event "7th Holuj Radzikowska 2017"]
[Site "Wroclaw"]
[Date "2017.12.05"]
[Round "8"]
[White "Socko, Monika"]
[Black "Majdan, Joanna"]
[Result "1-0"]
[WhiteElo "2476"]
[BlackElo "2349"]
[Annotator "TA"]
[PlyCount "71"]
[EventDate "2017.??.??"]
[EventType "swiss"]
[EventCountry "POL"]
[SourceTitle "playchess.com"]
[Source "ChessBase"]
[SourceQuality "1"]

{[%evp 14,71,24,22,49,61,139,69,119,85,91,89,140,132,140,134,139,151,144,82,183,176,173,181,169,144,143,171,157,168,180,165,170,141,193,188,158,52,225,191,267,263,373,371,364,308,327,316,997,967,987,939,951,654,1292,1059,1204,1174,29984,29985]} 1. e4 c5 2. Nf3 d6 3. Bb5+ Nd7 4. O-O Ngf6 5. Re1 a6 6. Bd3 {B51: Sicilian: Moscow Variation (3 Bb5+) without 3...Bd7} e5 7. c3 Be7 8. Bc2 {LiveBook: 29 Games. White has an edge.} h6 $146 ({Predecessor:} 8... O-O 9. d4 b5 10. Nbd2 Bb7 11. d5 c4 12. b3 cxb3 13. axb3 {½-½ (29) Vachier Lagrave,M (2796)-Steinberg,N (2486) Caleta 2017}) 9. d4 g5 (9... b5 $14) 10. dxe5 (10. Nbd2 $16) 10... dxe5 11. Nbd2 Qc7 12. Nc4 b6 (12... b5 $142) 13. Ne3 $16 Bb7 14. Nf5 Bf8 15. Nd2 O-O-O 16. Nc4 ({White should try} 16. a4) 16... Nb8 (16... Kb8 $16 {was worth a try.}) 17. Qf3 $18 b5 18. Nce3 c4 19. a4 $40 {[%mdl 128] Black is in trouble.} Nbd7 20. axb5 axb5 21. Nd5 Nxd5 22. exd5 Nf6 23. Be3 g4 (23... Rxd5 $16 24. Ng3 Bg7 25. Bf5+ Kd8) 24. Qe2 Rxd5 25. Ng3 (25. b3 $16) 25... Rg8 $2 {[#]} (25... Qc6 $1 $14) 26. Bf5+ Kd8 (26... Rd7 {was called for.} 27. Qf1 (27. Bxd7+ Qxd7 28. Ra7 Qc6 $14) 27... Qc6) 27. Ne4 Be7 (27... Nxe4 $142 28. Bxe4 Rd7) 28. Nxf6 Bxf6 29. Be4 ({Not} 29. Bxg4 Be7 $16) (29. Bxh6 Rd6 $16) 29... Rd7 30. Ra7 ({Weaker is} 30. Bxh6 Rh8 $16) 30... Qc8 $2 (30... Bxe4 31. Rxc7 Kxc7 32. Bb6+ (32. Bxh6 Bc6 $16) 32... Kxb6) 31. Rd1 {[%cal Be1d1,Bd1d7,Bd7f7,Bf7c7][%mdl 32] [#] Black must now prevent Bxb7.} Ke8 32. Rxd7 Bxe4 33. Rxf7 Qc6 34. Qd1 {Intending Rxf6! and mate.} Bd3 35. Qa1 Bg6 36. Rfc7 {Precision: White = 72%, Black = 32%.} 1-0

[Event "7th Holuj Radzikowska 2017"]
[Site "Wroclaw"]
[Date "2017.12.05"]
[Round "8"]
[White "Javakhishvili, Lela"]
[Black "Atalik, Ekaterina"]
[Result "1/2-1/2"]
[WhiteElo "2438"]
[BlackElo "2463"]
[Annotator "TA"]
[PlyCount "146"]
[EventDate "2017.??.??"]
[EventType "swiss"]
[EventCountry "POL"]
[SourceTitle "playchess.com"]
[Source "ChessBase"]
[SourceQuality "1"]

{[%evp 17,146,-11,7,-18,-2,-8,-20,0,-9,-17,0,-35,0,0,0,-53,-56,-42,-35,-31,-25,-89,-81,-79,-92,-92,-95,-176,-93,-116,-103,-115,-112,-123,-118,-111,-117,-124,-117,-127,-122,-122,-118,-166,-144,-152,-152,-152,-152,-143,-140,-137,-147,-152,-152,-152,-129,-155,-160,-157,-76,-76,-76,-87,-31,-47,-31,-56,-56,-83,-83,-75,-64,-67,-31,-31,-31,-31,-31,-31,-31,-31,0,-31,-31,-31,-31,-31,-8,-8,-8,-8,0,-5,-5,-8,-8,-8,-8,-8,-8,-8,-8,-8,-8,-8,-8,-8,-8,-8,-8,-183,-8,-11,-8,-8,0,0,0,0,0,0,0,0,0,0,0,0,0,0,0]} 1. Nf3 Nf6 2. c4 e6 3. g3 d5 4. Bg2 dxc4 5. O-O Nbd7 6. Qc2 Nb6 {A13: Reti-Eröffnung} 7. a4 a5 8. Na3 Bxa3 9. Rxa3 O-O {LiveBook: 7 Partien} 10. d3 (10. e4 e5 11. Nxe5 Qd4 12. Qc3 Qxc3 13. Rxc3 Be6 14. d4 Nxa4 {1-0 (40) Wei,Y (2738)-Ponomariov,R (2699) Danzhou 2017}) 10... cxd3 11. Rxd3 Nbd5 12. Rdd1 $146 ({Vorgänger:} 12. Bd2 Qe7 13. Rc1 b6 14. Nd4 {0-1 (36) Gara,T (2317)-Javakhishvili,L (2438) Heraklio 2017}) 12... Qe7 13. b3 b6 14. Bb2 h6 15. Ne5 {Mit der Idee Sc6.} Bb7 16. Nc6 (16. Qc1 $11) 16... Bxc6 $15 17. Qxc6 Rac8 18. Rd4 Nb4 19. Qb7 (19. Qc3 $11 {bleibt in der Remisbreite.}) 19... Rfd8 20. Rxd8+ Rxd8 21. Rc1 Ne8 22. Be5 {[#]} (22. Qe4 $17) 22... Qd7 (22... Na2 $1 $19 {[%cal Ra2c1]} 23. Rc4 Rd1+ 24. Bf1 Qd7) 23. Bf4 Na2 24. Re1 Qe7 25. Qe4 Qb4 26. Qxb4 Nxb4 27. Rc1 c5 28. h4 f6 29. g4 e5 30. Bg3 Nc7 31. g5 hxg5 32. hxg5 Ne6 33. gxf6 gxf6 34. e3 Kf7 35. Be4 Ng5 36. Bf5 Rd2 37. Kf1 Nd5 38. Rc2 {[#]} Rxc2 ({Günstiger ist} 38... Rd1+ $1 39. Ke2 Rb1 40. Rxc5 Rb2+ 41. Rc2 Rxb3) 39. Bxc2 $17 {[%mdl 4096] Endspiel KLL-KSS} Ke6 40. Bd3 Nf7 (40... Nc3 $17) 41. Ke2 Nd6 42. Bh7 Ne7 43. Bc2 f5 44. Bh4 Nc6 45. Kd2 e4 46. Bd1 Ne5 47. Kc3 Kd5 48. Be2 Kc6 49. Bg3 Kd5 50. Bh4 Ng4 51. Bg3 Kc6 52. Bf1 b5 53. axb5+ Nxb5+ 54. Kb2 Nc7 55. Kc3 Nd5+ 56. Kd2 Nb6 57. Kc3 a4 58. bxa4 Nxa4+ 59. Kb3 Nb6 60. Ba6 Nf6 61. Bh4 Nfd5 62. Be2 Nc8 63. Bg5 Nd6 64. Bh4 $2 (64. Bh5 $11 {und Weiss muss sich keine Sorgen machen.}) 64... Nb6 $2 (64... f4 $19 {Und weiter mit ...Sf5 wäre nett.} 65. Bg5 fxe3 66. fxe3 Nf5) 65. Bd8 $11 {Die Stellung ist ausgeglichen.} c4+ 66. Kc3 Nd5+ 67. Kd4 c3 {...c2 ist eine echte Drohung.} 68. Ba5 c2 69. Bd2 {[#]} Nb4 $1 {[%mdl 512] Droht stark ...Sa2.} 70. Kc3 (70. Bxb4 c1=Q) 70... Kc5 71. Kb3 Nd3 72. Bxd3 exd3 73. Kc3 Ne4+ {Precision: Weiß = 60%, Schwarz = 56%.} 1/2-1/2

[Event "7th Holuj Radzikowska 2017"]
[Site "Wroclaw"]
[Date "2017.12.05"]
[Round "8"]
[White "Zawadzka, Jolanta"]
[Black "Bulmaga, Irina"]
[Result "1-0"]
[WhiteElo "2428"]
[BlackElo "2420"]
[Annotator "TA"]
[PlyCount "73"]
[EventDate "2017.??.??"]
[EventType "swiss"]
[EventCountry "POL"]
[SourceTitle "playchess.com"]
[Source "ChessBase"]
[SourceQuality "1"]

{[%evp 19,73,1,80,66,80,81,98,63,81,63,134,138,137,135,203,195,188,186,226,239,240,177,194,149,149,98,137,160,151,145,180,151,149,154,180,107,316,297,332,336,354,299,533,535,616,530,680,549,475,404,665,594,29985,29986,29988,29989]} 1. e4 c5 2. Nf3 e6 3. d4 cxd4 4. Nxd4 Nc6 5. Nc3 Qc7 6. Be3 a6 7. Qd2 Nf6 8. f3 Be7 {B48: Sicilian: Taimanov: 5 Nc3 Qc7 6 Be3 a6 without Be2} 9. O-O-O b5 (9... h5 10. Nxc6 bxc6 11. Bf4 e5 12. Bg5 a5 13. Bc4 a4 14. a3 d6 15. f4 O-O 16. Rhf1 {½-½ (44) Grischuk,A (2783)-Cori Tello,J (2641) Tbilisi 2017}) 10. Nxc6 Qxc6 {LiveBook: 5 Games} (10... dxc6 $11 11. Qf2 O-O) 11. g4 $16 {[%cal Bg2g4,Bg4g5][%mdl 32]} b4 12. Ne2 Bb7 $146 ({Predecessor:} 12... O-O 13. g5 Ne8 14. Kb1 f5 15. exf5 exf5 16. Nd4 {1-0 (54) Rogozenco,I (2001)-Petri,B (2047) Germany 2016}) 13. g5 Nh5 14. Bh3 Rc8 (14... d5 $14) 15. Kb1 g6 16. Bg4 Rd8 (16... Qc7 $16) 17. Bxh5 $18 gxh5 18. Nf4 Qb5 19. Nxh5 Rg8 20. Bd4 e5 21. Be3 d5 22. exd5 ({Better is} 22. Nf6+ Bxf6 23. gxf6) 22... Bxd5 23. Qf2 Qc6 {[#]} 24. Rhf1 $1 Qg6 25. Nf6+ Bxf6 26. gxf6 Qxf6 27. Bc5 ({White should play} 27. Bb6 $18 Rd7 28. Rfe1) 27... Qe6 $2 (27... Qc6 $16) 28. b3 ({Not} 28. Bxb4 f6 $18) 28... a5 {[#]} 29. Bb6 $1 {[%cal Rb6d8,Bc5b6,Bb6a5,Ba5b4,Bb4a3][%mdl 32]} Rc8 30. Bxa5 Qc6 $2 (30... Kf8 31. Bxb4+ Kg7) 31. Bxb4 Rg6 32. Rd2 Be6 33. Qe2 Qb7 34. Ba3 Rg5 (34... e4 $142 35. fxe4 Qb6) 35. Qd3 Rg6 36. Qd6 {[%csl Ga3][%cal Rd6f8]} Rg8 37. Rfd1 {Precision: White = 81%, Black = 18%.} 1-0

[Event "7th Holuj Radzikowska 2017"]
[Site "Wroclaw"]
[Date "2017.12.05"]
[Round "8"]
[White "Mkrtchian, Lilit"]
[Black "Szczepkowska, Karina"]
[Result "1/2-1/2"]
[WhiteElo "2390"]
[BlackElo "2406"]
[Annotator "TA"]
[PlyCount "89"]
[EventDate "2017.??.??"]
[EventType "swiss"]
[EventCountry "POL"]
[SourceTitle "playchess.com"]
[Source "ChessBase"]
[SourceQuality "1"]

{[%evp 17,89,41,27,0,31,7,20,-5,16,16,22,-32,69,0,-13,0,23,20,18,14,48,40,62,63,92,81,95,80,97,81,86,97,73,35,88,89,78,55,108,8,9,14,24,14,14,24,22,15,24,23,23,23,28,29,69,69,77,70,92,44,43,34,34,34,34,34,35,35,36,0,0,0,43,0]} 1. Nf3 g6 2. e4 d6 3. d4 Nf6 4. Nc3 Bg7 5. Be3 O-O 6. Qd2 c6 7. Bh6 b5 {[%cal Bb7b5,Bb5b4][%mdl 32]} 8. Bxg7 Kxg7 9. Bd3 Bg4 {LiveBook: 28 Games} 10. a4 {B08: Pirc Defence: Classical System} (10. Qe3 Bxf3 11. Qxf3 e5 12. dxe5 dxe5 13. O-O Nbd7 14. Rfd1 Qe7 15. a4 a6 16. axb5 axb5 17. Rxa8 Rxa8 {0-1 (51) Mischuk,D (2349)-Kuzubov,Y (2638) Lvov 2016}) 10... b4 11. Ne2 a5 $146 ({Predecessor:} 11... Nbd7 12. Qxb4 c5 13. dxc5 Nxc5 14. O-O Rb8 15. Qc3 Qb6 16. Rfb1 Rfc8 {½-½ (16) Bosch,J (2433)-Hergott,D (2396) Hertogenbosch 1999}) 12. Ng3 {The position is equal.} Nbd7 13. Ng5 e5 14. h3 (14. f3 $11 Be6 15. Be2) 14... Be6 (14... Bh5 $1 $15) 15. Nxe6+ (15. f4 $1 $14) 15... fxe6 $11 16. dxe5 dxe5 17. Qe3 Qe7 18. Nf1 {[%cal Bg3f1,Bf1d2,Bd2f3][%mdl 32]} Nc5 19. Nd2 Qd6 20. Nf3 Rad8 21. O-O Nxd3 22. Rfd1 Qc5 23. cxd3 Qxe3 24. fxe3 Nd7 25. d4 {Strongly threatening Rac1.} Kf6 (25... c5 $14) 26. Rac1 $16 Rc8 27. dxe5+ Nxe5 {[#]} (27... Ke7 $1 $14) 28. Rc5 (28. Nd4 $1 $16) 28... Nxf3+ $11 29. gxf3 {[%mdl 4096] Endgame KRR-KRR} Rfd8 30. e5+ Ke7 31. Rxd8 Rxd8 32. Rxc6 {KR-KR} Rd2 33. b3 Rd3 34. Kf2 Rxb3 35. Rc5 Rb2+ 36. Kg3 $1 g5 37. Rxa5 Kf7 38. Rb5 Kg6 $1 39. e4 {Hoping for Rb6.} h5 $1 {[%cal Rh5h4] [#] ( -> ...h4+)} 40. h4 {hxg5 is the strong threat.} Rb3 41. Rb6 g4 42. Rxe6+ Kg7 43. Re7+ Kg6 44. Re6+ Kg7 $1 45. Re7+ {Precision: White = 48%, Black = 41%.} 1/2-1/2

[Event "7th Holuj Radzikowska 2017"]
[Site "Wroclaw"]
[Date "2017.12.05"]
[Round "8"]
[White "Kulon, Klaudia"]
[Black "Shvayger, Yuliya"]
[Result "1-0"]
[WhiteElo "2352"]
[BlackElo "2440"]
[Annotator "TA"]
[PlyCount "69"]
[EventDate "2017.??.??"]
[EventType "swiss"]
[EventCountry "POL"]
[SourceTitle "playchess.com"]
[Source "ChessBase"]
[SourceQuality "1"]

{[%evp 12,69,-1,-6,22,22,22,22,27,22,22,22,22,24,22,22,22,22,22,14,30,37,39,41,32,24,31,24,46,39,40,45,46,46,73,79,76,76,73,73,73,63,131,130,150,207,149,96,102,81,394,394,391,374,710,710,703,695,681,681]} 1. e4 c5 2. b3 g6 (2... d6 3. Nf3 Nc6 4. Bb5 Bd7 5. O-O Nf6 6. d3 g6 7. Bb2 Bg7 8. Nbd2 O-O 9. a4 e5 10. Nc4 a6 11. Bxc6 Bxc6 12. a5 Nh5 13. Nb6 Rb8 14. c4 f5 15. Nd5 Qd7 16. Nd2 fxe4 17. dxe4 {1-0 (76) Andreikin,D (2708)-Artemiev,V (2692) Sochi 2017}) 3. Bb2 Nf6 4. g3 Bg7 5. Bg2 O-O 6. Ne2 {B20: Sicilian: Unusual White 2nd moves} Nc6 7. O-O {LiveBook: 7 Games} d5 $146 ({Predecessor:} 7... d6 8. Nbc3 Bd7 9. d3 Nd4 10. Nb1 e5 11. c3 Nxe2+ 12. Qxe2 Qc8 13. Nd2 Bh3 14. f4 exf4 15. Rxf4 Bxg2 16. Qxg2 {½-½ (56) Li,R (2535)-Priyadharshan,K (2484) Dayton 2016}) 8. exd5 {The position is equal.} Nxd5 9. Bxg7 Kxg7 10. d4 cxd4 11. Nxd4 Ndb4 12. Nxc6 Nxc6 13. c4 Qxd1 14. Rxd1 Bg4 15. Re1 Nd4 {Black wants to play ...Nc2.} 16. Na3 {Re4 is the strong threat.} ({But not} 16. Rxe7 $2 Nc2 $19) 16... Nf3+ 17. Bxf3 $1 Bxf3 18. Rxe7 Rfd8 19. Nb5 Rd2 20. c5 Kf8 21. Rc7 $36 {[%mdl 2048] White has good play.} Re8 22. Nd6 Re7 23. Rxe7 Kxe7 $16 {[%mdl 4096] Endgame [#] KRB-KRN} 24. Nc8+ $1 Ke6 25. Nxa7 Kd5 26. b4 {[%cal Bb3b4,Bb4b5,Bb5c6,Bc6c7][%mdl 32]} g5 (26... Kc4 $14) 27. a3 Kc4 28. Rc1+ Kb3 29. Nb5 (29. b5 $142) 29... g4 30. Nd6 Bd5 $2 {[%mdl 8192]} (30... Re2 $16 {is more resistant.}) 31. b5 $18 Kb2 32. Re1 Kxa3 $2 {[#]} (32... Kb3 33. Kf1 Bh1 34. Nxf7 Kxa3) 33. c6 $1 {[%mdl 512] White is clearly winning.} bxc6 34. bxc6 Rc2 {[#]} 35. c7 $1 {[%mdl 512] Precision: White = 96%, Black = 47%.} 1-0

[Event "7th Holuj Radzikowska 2017"]
[Site "Wroclaw"]
[Date "2017.12.06"]
[Round "9"]
[White "Atalik, Ekaterina"]
[Black "Mkrtchian, Lilit"]
[Result "1-0"]
[WhiteElo "2463"]
[BlackElo "2390"]
[Annotator "TA"]
[PlyCount "49"]
[EventDate "2017.??.??"]
[EventType "swiss"]
[EventCountry "POL"]
[SourceTitle "playchess.com"]
[Source "ChessBase"]
[SourceQuality "1"]

{[%evp 18,49,18,16,34,25,75,66,97,83,152,129,133,136,156,109,273,277,239,242,481,483,600,590,681,633,642,538,661,655,766,747,754,704]} 1. d4 Nf6 2. c4 e6 3. Nf3 b6 4. Bf4 Bb7 5. e3 Be7 6. Nc3 Nh5 {E12: Queen's Indian: Unusual White 4th moves, 4 a3, 4 Nc3 Bb7 5 a3 and 4 Nc3 Bb7} 7. Bd3 d6 8. Bg3 (8. O-O Nd7 9. Qc2 h6 10. Be4 Bxe4 11. Qxe4 O-O 12. Rfe1 Ndf6 13. Qd3 Qd7 14. h3 Nxf4 15. exf4 {1-0 (51) Navara,D (2734)-Karjakin,S (2762) Berlin 2015}) 8... Nd7 9. Qc2 g6 10. O-O-O {LiveBook: 3 Games} f5 11. h3 Nxg3 12. fxg3 Nf6 $146 ({Predecessor:} 12... Bg5 13. Kb1 Bxf3 14. gxf3 Bxe3 {0-1 (60) Marek,M (2348)-Sanal,V (2451) Gyor 2014}) 13. g4 fxg4 (13... Qd7 $142) 14. Ng5 {aiming for hxg4.} Qd7 15. hxg4 Rg8 16. Nxh7 Nxg4 $2 {[#]} (16... O-O-O $16 {was called for.}) 17. Bxg6+ $18 {[%cal Bd3g6,Bg6f5,Bf5d7,Bd7g4][%mdl 32]} Kd8 18. Rh3 c6 $2 (18... c5 {is a better defense.} 19. Rg3 cxd4) 19. Rf1 {White is clearly winning.} Kc7 20. Qe4 e5 {and the idea ...d5 leaves Black hopeful.} 21. Bf5 d5 22. Qf3 e4 23. Qf4+ Bd6 24. Bxd7 {[#] Qf7 is the strong threat.} Bxf4 25. Bxg4 {Precision: White = 82%, Black =  7%.} ({Weaker is} 25. exf4 Kxd7 26. f5 Ke8 $16) 1-0

[Event "7th Holuj Radzikowska 2017"]
[Site "Wroclaw"]
[Date "2017.12.06"]
[Round "9"]
[White "Shvayger, Yuliya"]
[Black "Socko, Monika"]
[Result "1-0"]
[WhiteElo "2440"]
[BlackElo "2476"]
[Annotator "TA"]
[PlyCount "71"]
[EventDate "2017.??.??"]
[EventType "swiss"]
[EventCountry "POL"]
[SourceTitle "playchess.com"]
[Source "ChessBase"]
[SourceQuality "1"]

{[%evp 25,71,16,35,32,49,45,66,16,54,35,36,16,20,0,0,0,25,16,59,33,25,22,58,52,38,9,19,18,35,18,33,37,61,10,60,57,112,15,306,328,1163,1157,1131,1100,29988,29989,29994,750]} 1. e4 c6 2. d4 d5 3. exd5 cxd5 4. c4 Nf6 5. Nc3 e6 6. Nf3 Bb4 7. cxd5 Nxd5 8. Qc2 Nc6 9. a3 Be7 10. Bd3 h6 11. O-O O-O 12. Be3 Nxe3 13. fxe3 Bd7 14. Qe2 $146 {B14: Caro-Kann: Panov-Botvinnik Attack with 5...e6 and 5...g6} ({Predecessor:} 14. Kh1 Rc8 15. Qe2 Bd6 16. Ne4 Bb8 17. b4 Ne7 18. Nc5 b6 19. Nxd7 Qxd7 20. Bb5 Qd5 21. Qd3 Qh5 {0-1 (67) Mikhajlichenko,V-Iljin,T (2119) Kiev 2002}) 14... Qa5 15. b4 Qh5 16. Bc2 {White is slightly better.} Rad8 17. Qd3 {[%csl Gc2][%cal Rd3h7]} f5 18. Bb3 {Threatening d5.} Kh8 19. Qe2 Bf6 20. Ne5 Qe8 21. Nxd7 Rxd7 22. Kh1 Rd8 23. Rad1 Bg5 24. Na4 {Black must now prevent Nc5.} b6 25. Nc3 Ne7 26. e4 ({Reject} 26. Bxe6 Qc6 $17) 26... Qc6 27. Rf3 fxe4 28. Nxe4 Bf4 29. Nf2 (29. b5 $14 Qd7 30. Nc3) 29... Nd5 30. Qe4 $36 {[%mdl 2048] White has some pressure.} Rc8 (30... Qc7 $14) 31. Nh3 (31. Nd3 $16 Bb8 32. Rxf8+ Rxf8 33. Ne5) 31... Bd6 $2 {[%mdl 8192] [#]} (31... Bb8 $1 $11) 32. Ng5 $1 $18 {[%csl Gg5][%cal Re4h7][%mdl 512]} Rf5 $2 (32... Nf6 33. Rxf6 hxg5 34. Rxf8+ (34. Rxe6 Qxe4 35. Rxe4 Rc3 $11) 34... Bxf8) (32... hxg5 33. Rh3+) 33. Rxf5 {White wants to mate with Rf8+!} hxg5 34. Qxe6 Nf4 35. Rxf4 Bxf4 36. Qh3+ {Precision: White = 46%, Black = 22%.} 1-0

[Event "7th Holuj Radzikowska 2017"]
[Site "Wroclaw"]
[Date "2017.12.06"]
[Round "9"]
[White "Bulmaga, Irina"]
[Black "Kulon, Klaudia"]
[Result "0-1"]
[WhiteElo "2420"]
[BlackElo "2352"]
[Annotator "TA"]
[PlyCount "51"]
[EventDate "2017.??.??"]
[EventType "swiss"]
[EventCountry "POL"]
[SourceTitle "playchess.com"]
[Source "ChessBase"]
[SourceQuality "1"]

{[%evp 9,51,72,77,39,124,68,108,104,227,82,82,53,50,60,65,28,57,47,49,46,59,-19,-27,-29,-24,-54,-31,-59,-58,-64,-43,-77,-67,-61,-60,-75,-63,-77,-83,-94,-80,-81,-74,-97]} 1. e4 d5 2. exd5 Nf6 3. Nf3 Bg4 4. Bb5+ Nbd7 5. h3 Bh5 {LiveBook: 10 Games} 6. d4 {B01: Scandinavian Defence} (6. c4 a6 7. Ba4 b5 8. cxb5 Nxd5 9. O-O N5b6 10. g4 Bg6 11. bxa6 Nxa4 12. Qxa4 {1-0 (49) Howell,D (2644)-Venkatesh,M (2439) Doha 2016}) 6... a6 (6... Nxd5 $14 7. O-O e6) 7. Be2 ({White should try} 7. Bxd7+ $16 Qxd7 8. c4) 7... b5 $146 ({Predecessor:} 7... Nxd5 8. c4 N5b6 9. Nc3 e6 10. c5 Nd5 11. Nxd5 exd5 12. Qb3 b6 13. Qxd5 {½-½ (20) Kissel,R (1699)-Grabmeier,J (1955) Bayerisch Eisenstein 2017}) 8. a4 {White is better.} b4 (8... Nxd5 $16 9. Nc3 (9. axb5 axb5 10. Rxa8 Qxa8 $14) 9... Nxc3 10. bxc3 bxa4) 9. O-O (9. c4 $18 {has better winning chances.}) 9... Nxd5 $16 10. a5 e6 11. c4 bxc3 $1 12. bxc3 Be7 13. Bd2 c5 14. c4 N5f6 15. Be3 (15. d5 $1 $14) 15... cxd4 $11 16. Bxd4 O-O 17. Nbd2 Qc7 18. Re1 Rfd8 19. Bc3 Bc5 20. Qc1 Bg6 {Strongly threatening ...Qa7.} 21. Bd4 Rab8 22. Bf1 Bxd4 23. Nxd4 Nc5 {Black is better.} 24. N4f3 Bd3 25. Qc3 Bxf1 26. Nxf1 {Precision: White = 28%, Black = 49%.} 0-1

[Event "7th Holuj Radzikowska 2017"]
[Site "Wroclaw"]
[Date "2017.12.06"]
[Round "9"]
[White "Szczepkowska, Karina"]
[Black "Zawadzka, Jolanta"]
[Result "1/2-1/2"]
[WhiteElo "2406"]
[BlackElo "2428"]
[Annotator "TA"]
[PlyCount "49"]
[EventDate "2017.??.??"]
[EventType "swiss"]
[EventCountry "POL"]
[SourceTitle "playchess.com"]
[Source "ChessBase"]
[SourceQuality "1"]

{[%evp 29,49,13,14,0,0,0,0,0,0,0,0,0,0,0,0,0,0,0,0,0,0,0]} 1. d4 d5 2. c4 e6 3. Nf3 Nf6 4. Nc3 Bb4 5. e3 c5 6. Bd3 O-O 7. O-O dxc4 8. Bxc4 cxd4 9. exd4 b6 10. Bg5 Bb7 11. Qe2 Nbd7 12. Rac1 Rc8 13. Ne5 {E54: Nimzo-Indian: Rubinstein: Main Line: 7...dxc4 8 Bxc4} (13. Bd3 Bxc3 14. bxc3 Qc7 15. c4 Bxf3 16. Qxf3 Rfe8 17. Rfd1 h6 18. Bh4 Qd6 19. c5 bxc5 20. dxc5 Rxc5 {½-½ (49) Gelfand,B (2727)-Anand,V (2791) Moscow 2012}) 13... h6 14. Nxd7 Qxd7 15. Bxf6 gxf6 {[#] LiveBook: 4 Games. The position is equal.} 16. d5 $1 {[%mdl 512]} exd5 {[#]} (16... Bxd5 17. Qg4+) 17. Bxd5 $1 {[%mdl 512]} Bxc3 $146 ({Don't go for} 17... Bxd5 $2 18. Nxd5 Qxd5 19. Rxc8 $18) ({Predecessor:} 17... Rxc3 18. Bxb7 Rxc1 19. Rxc1 {0-1 (55) Muir,A (2313)-Hambleton,A (2472) Reykjavik 2013}) 18. Bxb7 Qxb7 19. bxc3 Rfe8 20. Qg4+ Kh7 21. Qf5+ Kg7 22. Qg4+ Kh7 23. Qf5+ Kg7 24. Qg4+ Kh7 25. Qf5+ 1/2-1/2